Banking on multinationals (Record no. 1319119)

MARC details
000 -LEADER
fixed length control field 00585nam a2200205Ia 4500
005 - DATE AND TIME OF LATEST TRANSACTION
control field 20250507130336.0
008 - FIXED-LENGTH DATA ELEMENTS--GENERAL INFORMATION
fixed length control field 008 250505s9999 xx 000 0 eng d
020 ## - INTERNATIONAL STANDARD BOOK NUMBER
International Standard Book Number 0-8047-4887-X
037 ## - SOURCE OF ACQUISITION
Stock number Annuals, Advances
040 ## - CATALOGING SOURCE
Original cataloging agency EASL
Language of cataloging eng
Transcribing agency EASL
041 ## - LANGUAGE CODE
Language code of text/sound track or separate title eng
Source of code eng
084 ## - COLON CLASSIFICATION NUMBER
Classification number X6295.42, P4
Assigning agency EASL
100 ## - MAIN ENTRY--PERSONAL NAME
Personal name Solis Mireya Au.
9 (RLIN) 665092
245 #0 - TITLE STATEMENT
Title Banking on multinationals
260 ## - PUBLICATION, DISTRIBUTION, ETC.
Place of publication, distribution, etc. USA
Name of publisher, distributor, etc. Stanford Stanford University Press
Date of publication, distribution, etc. 2004
300 ## - PHYSICAL DESCRIPTION
Extent xvi,273p.
490 ## - SERIES STATEMENT
Volume/sequential designation V.6
942 ## - ADDED ENTRY ELEMENTS (KOHA)
Koha item type Textual
Classification part X6295.42, P4

No items available.

Copyright @ Delhi University Library System